000 00798nam a22001937a 4500
003 OSt
005 20260408015404.0
008 260408b |||||||| |||| 00| 0 eng d
040 _aDWCL GS lib
_cOC
082 _aFic. W453 2008
100 _aWells , H.G
245 _aindiana illustrated classics:
_bthe invisible man
_cH.G Wells
260 _aIndia
_bIndiana publishing house
_cc2008
300 _a238
_billustrations
_c20 cm
520 _aThe Invisible Man by H.G. Wells, often featured in illustrated classics collections, is a science fiction story about a scientist named Griffin who discovers the secret of invisibility but descends into madness and crime.
546 _aEnglish
700 _aH.G Wells
942 _2ddc
_cFIC.
_hFic. W453 2008
_n0
999 _c9340
_d9340